Statistics for Geographic Music

Click here to take the quiz!

General Stats

  • This quiz has been taken 55 times
  • The average score is 12 of 20

Answer Stats

HintAnswer% Correct
Sweet Home ____Alabama
100%
Hotel ____California
92%
____ State Of Mind by Billy JoelNew York
86%
I Left My Heart In ___San Francisco
82%
____ On My MindGeorgia
80%
Back In The ____ (Beatles)USSR
80%
____ CallingLondon
78%
____ by Toto (1982)Africa
67%
More Than A Feeling by ____ (1976)Boston
55%
____ Freedom by Elton JohnPhiladelphia
55%
Girl From ____Ipanema
53%
Ferry Cross the ____Mersey
53%
Dust In The Wind by ____ (1977)Kansas
51%
Blue ____ WaltzDanube
49%
Back In The ___ (Chuck Berry)USA
49%
Heat Of The Moment by ____ (1982)Asia
33%
My Woman From ____ by Deep PurpleTokyo
29%
____ by Van Halen (1984)Panama
27%
____ Rain by Elvis Presley (1970)Kentucky
18%
Song of the ____ BoatmenVolga
16%

Score Distribution

Percentile by Number Answered

Percent of People with Each Score

Your Score History

You have not taken this quiz